Horror Movies: Trivia & General Knowledge - Statistics

General Stats
  • This quiz has been taken 146 times
  • The average score is 16 of 30
Answer Stats
Question Answer % Correct
Which of these movies is an example of the found-footage genre? Blair Witch Project
94%
Who will appear if you say his name five times in front of the mirror? Candyman
91%
What are the colors of Freddy Krueger's sweater? Red and green
90%
After watching the cursed videotape in Ringu/The Ring, how many days does a person have left to live? 7
85%
In the original Scream, Wes Craven made a cameo as which character? Janitor
76%
Which of the following movies has never had a sequel (as of 2026)? Midsommar
76%
Which movie is set in the 17th century? The Witch
73%
How is the curse passed from one person to another in It Follows? Through a sexual encounter
73%
"Chucky" is a doll from which toy brand? Good Guy
71%
Who is the murderer of the lead character in the film Happy Death Day? Her roommate
67%
Which of the following movies is not based on a Stephen King story? The Hills Have Eyes
67%
Which movie is about a young American ballerina who comes to a ballet school in Germany run by a coven of witches? Suspiria
66%
In The Wicker Man, why does Sgt. Howie visit the remote pagan island? To investigate the disappearance of a little girl
66%
What breed is Cujo, the rabid dog from the movie of the same name? St. Bernard
56%
Where does the movie The Thing take place? Antarctica
54%
In The Conjuring 2, which song does Ed Warren sing to the Hodgson family? Can't Help Falling in Love
50%
What weapon does the protagonist Ash Williams attach in place of his lost hand in Evil Dead II? Chainsaw
48%
In which Friday the 13th movie does Jason Voorhees wear his famous hockey mask for the first time? Friday the 13th Part III
48%
In the movie Psycho, one victim is killed in the famous shower scene. How is the other victim killed? Stabbed and fell down the stairs
48%
In which movie do we never find out the killer’s true identity? Black Christmas
43%
Which of the following is not a silent movie? Cat People
41%
What country does the film Let the Right One In come from? Sweden
37%
Which actor played the lead role in the movie The Omen? Gregory Peck
36%
What is the correct title of the 1971 movie? Let's Scare Jessica to Death
36%
Which slasher movie did not star Jamie Lee Curtis after her breakout in Halloween? The Prowler
33%
Which movie did not star Boris Karloff? Dracula
31%
To which Catholic order do the priests from The Exorcist belong? Jesuits
30%
Prog rock band Goblin created music scores for many films by which director? Dario Argento
25%
Which of the following is a Korean, not a Japanese movie? A Tale of Two Sisters
24%
Which of these movie pairs was not made by the same director? The Night House and Saint Maud
10%
No matching quizzes found
Score Distribution
Percent of People with Each Score
Percentile by Number Answered
Your Score History
You have not taken this quiz